000 00623nam a2200217 u 4500
005 20240920064125.0
008 140205s1986 r 000 0 eng d
020 _a9688376027
035 _aUPN01000195509
049 _aCG
050 4 _aLB85 P8
_bS6.2
100 0 _aPlutarco
_929865
245 1 0 _aSobre la educación de los niños /
_cPlutarco ; pról., tr. y notas de Juan Reyes R.
260 _aMéxico :
_bUNAM,
_c1986.
300 _a90 p.
440 0 _aBiblioteca pedagógica.
_pUniversal
650 4 _aEDUCACION GRIEGA
_917845
650 4 _aEducación de niños
_95387
905 _aLibro
999 _c167610
_d167610